[Event "Kronborg"]
[Site "Elsinore"]
[Date "1997.??.??"]
[Round "7"]
[White "Andersen, Ole Bo"]
[Black "Bekker Jensen, David"]
[Result "0-1"]
[WhiteElo "2090"]
[BlackElo "2140"]
[PlyCount "90"]
[EventDate "1997.??.??"]
[EventType "tourn"]
[EventRounds "7"]
[EventCountry "DEN"]
[Source "ChessBase"]
[SourceDate "2001.11.25"]

1. d4 Nf6 2. c4 g6 3. Nc3 Bg7 4. e4 d6 5. f3 O-O 6. Be3 c5 7. dxc5 dxc5 8. Qxd8
Rxd8 9. Bxc5 Nc6 10. Nge2 Nd7 11. Ba3 Nde5 12. Nf4 Nd4 13. O-O-O Bh6 14. Bxe7
Bxf4+ 15. Kb1 Rd7 16. Nd5 Nec6 17. Nf6+ Kg7 18. Nxd7 Bxd7 19. Bc5 Be3 20. b4 b6
21. Bd6 Be6 22. b5 Rd8 23. Ba3 Nxb5 24. Rxd8 Nxa3+ 25. Kb2 Nxc4+ 26. Bxc4 Nxd8
27. Bxe6 Nxe6 28. Kc3 Bd4+ 29. Kc4 Kf6 30. Kb5 a5 31. Rc1 Bc5 32. Kc6 Ke5 33.
a4 g5 34. Rb1 Nd4+ 35. Kc7 h5 36. h4 Kf4 37. hxg5 Kxg5 38. Kd7 h4 39. e5 Nc2
40. Ke8 Kf5 41. Rh1 Bf2 42. Kxf7 Kxe5 43. Rb1 Kf4 44. Rb2 Kg3 45. Rxc2 Kxg2 0-1

[Event "Kronborg"]
[Site "Elsinore"]
[Date "1997.??.??"]
[Round "5"]
[White "Andersen, Ole Bo"]
[Black "Christensen, Tobias"]
[Result "0-1"]
[WhiteElo "2090"]
[BlackElo "2395"]
[PlyCount "88"]
[EventDate "1997.??.??"]
[EventType "tourn"]
[EventRounds "7"]
[EventCountry "DEN"]
[Source "ChessBase"]
[SourceDate "2001.11.25"]

1. d4 d6 2. c4 e5 3. Nf3 Nc6 4. d5 Nce7 5. e4 g6 6. Nc3 Bg7 7. Bd3 Nf6 8. O-O
O-O 9. b4 Nh5 10. Re1 a5 11. bxa5 Rxa5 12. Nd2 c5 13. dxc6 bxc6 14. Nb3 Ra8 15.
a4 Nf4 16. Bf1 Ne6 17. Be3 Ba6 18. a5 c5 19. Nb5 Nd4 20. Bxd4 exd4 21. Bd3 Nc6
22. Qd2 Qd7 23. f4 Na7 24. Nxa7 Rxa7 25. e5 Rc7 26. Qc2 dxe5 27. fxe5 Re8 28.
Re2 Rxe5 29. Rae1 Qd6 30. Qd2 Rce7 31. Rxe5 Rxe5 32. Rb1 Rh5 33. g3 Bh6 34. Qg2
Be3+ 35. Kh1 Re5 36. Nd2 Bxd2 37. Qxd2 Qc6+ 38. Qg2 Bb7 39. Qxc6 Bxc6+ 40. Kg1
Re3 41. Rb8+ Kg7 42. Rc8 Bd7 43. Rc7 Rxd3 44. Rxd7 Ra3 0-1

[Event "Kronborg"]
[Site "Elsinore"]
[Date "1997.??.??"]
[Round "1"]
[White "Andersen, Ole Bo"]
[Black "Nilsson, Nils Specht"]
[Result "1-0"]
[WhiteElo "2090"]
[BlackElo "2225"]
[PlyCount "61"]
[EventDate "1997.??.??"]
[EventType "tourn"]
[EventRounds "7"]
[EventCountry "DEN"]
[Source "ChessBase"]
[SourceDate "2001.11.25"]

1. d4 Nf6 2. c4 e6 3. Nc3 Bb4 4. e3 O-O 5. Nge2 Nc6 6. a3 Bxc3+ 7. Nxc3 d6 8.
Bd3 e5 9. d5 Ne7 10. e4 c5 11. Bg5 Ne8 12. O-O f6 13. Be3 f5 14. f4 exf4 15.
Bxf4 Ng6 16. exf5 Bxf5 17. Bg3 Qg5 18. Qe2 Bxd3 19. Rxf8+ Kxf8 20. Qxd3 Kg8 21.
Ne4 Ne5 22. Qe2 Qe7 23. Nxc5 Qc7 24. b4 b6 25. Bxe5 bxc5 26. Bg3 cxb4 27. Rf1
h6 28. Qe6+ Kh7 29. Rf7 Qxf7 30. Qxf7 bxa3 31. Qf3 1-0

[Event "Kronborg"]
[Site "Elsinore"]
[Date "1997.??.??"]
[Round "3"]
[White "Andersen, Ole Bo"]
[Black "Henrichsen, Jens"]
[Result "0-1"]
[WhiteElo "2090"]
[BlackElo "2070"]
[PlyCount "64"]
[EventDate "1997.??.??"]
[EventType "tourn"]
[EventRounds "7"]
[EventCountry "DEN"]
[Source "ChessBase"]
[SourceDate "2001.11.25"]

1. d4 Nf6 2. c4 g6 3. Nc3 Bg7 4. e4 d6 5. f3 O-O 6. Bg5 a6 7. Qd2 Nbd7 8. Nh3
c5 9. d5 b5 10. Nf2 Qa5 11. cxb5 Nb6 12. Be2 axb5 13. Nxb5 Qxd2+ 14. Bxd2 Nfd7
15. Bc3 Ne5 16. Nd3 Nec4 17. Bxg7 Kxg7 18. Kf2 Bd7 19. Nc3 f5 20. exf5 Bxf5 21.
Rae1 Bxd3 22. Bxd3 Nxb2 23. Bb5 Ra3 24. Rxe7+ Rf7 25. Rxf7+ Kxf7 26. Ne4 Nxd5
27. Nxd6+ Ke7 28. Nc4 Nxc4 29. Bxc4 Nb6 30. Bg8 Kf8 31. Be6 c4 32. Ke1 Re3+ 0-1

[Event "Kronborg"]
[Site "Elsinore"]
[Date "1997.??.??"]
[Round "6"]
[White "Auchenberg, Per"]
[Black "Jorgensen, Michael"]
[Result "0-1"]
[WhiteElo "2150"]
[BlackElo "2275"]
[PlyCount "76"]
[EventDate "1997.??.??"]
[EventType "tourn"]
[EventRounds "7"]
[EventCountry "DEN"]
[Source "ChessBase"]
[SourceDate "2001.11.25"]

1. d4 Nf6 2. c4 c5 3. d5 b5 4. cxb5 a6 5. f3 e6 6. e4 exd5 7. e5 Qe7 8. Qe2 Ng8
9. Nc3 Bb7 10. f4 Nh6 11. Nf3 Qe6 12. Ng5 Qb6 13. bxa6 Nxa6 14. Nb5 O-O-O 15.
a4 Be7 16. Nf3 Qg6 17. Bd2 Qe4 18. Ba5 Rde8 19. Qxe4 dxe4 20. Nd2 Nb4 21. Nc4
Bc6 22. Ncd6+ Kb8 23. Bxb4 cxb4 24. Nxe8 Rxe8 25. Nd6 Bxd6 26. exd6 Nf5 27. Bb5
Bxb5 28. axb5 Nxd6 29. Ra4 Nf5 30. Rxb4 d5 31. O-O e3 32. g4 Nh4 33. Re1 d4 34.
Kf1 Nf3 35. Ke2 Nxe1 36. Kxe1 d3 37. Rd4 d2+ 38. Ke2 Re7 0-1

[Event "Kronborg"]
[Site "Elsinore"]
[Date "1997.??.??"]
[Round "4"]
[White "Auchenberg, Per"]
[Black "Andersen, Ole Bo"]
[Result "1/2-1/2"]
[WhiteElo "2150"]
[BlackElo "2090"]
[PlyCount "46"]
[EventDate "1997.??.??"]
[EventType "tourn"]
[EventRounds "7"]
[EventCountry "DEN"]
[Source "ChessBase"]
[SourceDate "2001.11.25"]

1. f4 d5 2. Nf3 Nf6 3. g3 Bg4 4. Bg2 Nbd7 5. Nc3 Bxf3 6. Bxf3 c6 7. d3 e5 8. e4
dxe4 9. Nxe4 Nxe4 10. Bxe4 Qb6 11. f5 Bc5 12. Qe2 O-O-O 13. c3 Nf6 14. Bg5 Be7
15. Bxf6 Bxf6 16. O-O-O Rd6 17. Kb1 Kb8 18. Rhf1 Qc7 19. Qc2 Rhd8 20. Qb3 c5
21. Qc4 Rc8 22. Kc2 Rd7 23. a4 Qd6 1/2-1/2

[Event "Kronborg"]
[Site "Elsinore"]
[Date "1997.??.??"]
[Round "1"]
[White "Auchenberg, Per"]
[Black "Bekker Jensen, David"]
[Result "0-1"]
[WhiteElo "2150"]
[BlackElo "2140"]
[PlyCount "106"]
[EventDate "1997.??.??"]
[EventType "tourn"]
[EventRounds "7"]
[EventCountry "DEN"]
[Source "ChessBase"]
[SourceDate "2001.11.25"]

1. f4 d5 2. Nf3 Nf6 3. g3 g6 4. Bg2 Bg7 5. O-O O-O 6. d3 b6 7. e4 dxe4 8. Ng5
Bb7 9. Nc3 Nc6 10. Ngxe4 Nxe4 11. Nxe4 e6 12. c3 Rb8 13. d4 Ne7 14. Qe2 Qc8 15.
Rd1 Bc6 16. Bd2 Qb7 17. Be1 h6 18. Bf3 Kh8 19. Nd2 Bxf3 20. Nxf3 Rbd8 21. Bf2
Ng8 22. h3 Nf6 23. Re1 Kg8 24. Rad1 Rd6 25. g4 Rdd8 26. Bh4 Rde8 27. Ne5 Qd5
28. c4 Qd6 29. Bf2 Nd7 30. Nxd7 Qxd7 31. b3 Bf6 32. Qe4 Kg7 33. Rd3 Rd8 34.
Red1 Rfe8 35. Qf3 c6 36. h4 Kg8 37. g5 Bg7 38. h5 hxg5 39. fxg5 Qe7 40. Be3
gxh5 41. Qxh5 e5 42. d5 e4 43. R3d2 cxd5 44. cxd5 Qd6 45. Kg2 Rc8 46. Rf1 Re7
47. Bf4 Be5 48. Bxe5 Qxe5 49. Rh1 e3 50. Re2 Qxd5+ 51. Kg3 Qe5+ 52. Kf3 Qg7 53.
Reh2 Rc3 0-1

[Event "Kronborg"]
[Site "Elsinore"]
[Date "1997.??.??"]
[Round "2"]
[White "Auchenberg, Per"]
[Black "Christensen, Tobias"]
[Result "0-1"]
[WhiteElo "2150"]
[BlackElo "2395"]
[PlyCount "84"]
[EventDate "1997.??.??"]
[EventType "tourn"]
[EventRounds "7"]
[EventCountry "DEN"]
[Source "ChessBase"]
[SourceDate "2001.11.25"]

1. f4 g6 2. Nf3 Bg7 3. g3 b6 4. Bg2 Bb7 5. O-O e6 6. d3 d6 7. e4 Ne7 8. Qe2 Nd7
9. Nbd2 O-O 10. g4 c5 11. Rf2 Qc7 12. Nf1 c4 13. Ng3 cxd3 14. cxd3 Ba6 15. Be3
Nc5 16. Rc1 Qd7 17. Ne1 Nc6 18. Qd2 Bd4 19. Bxd4 Nxd4 20. Qb4 e5 21. Bf1 Qxg4
22. fxe5 dxe5 23. Rg2 Qf4 24. Qd2 Qxd2 25. Rxd2 Rac8 26. Rcd1 Nce6 27. Bh3 f5
28. exf5 gxf5 29. Kf2 Nf4 30. Bf1 h5 31. h4 Kh8 32. Ng2 Nde6 33. Ne3 Ng7 34.
Be2 Rcd8 35. Bf1 Rd4 36. Nc2 Rd6 37. Nb4 Bb7 38. Nc2 Rfd8 39. Nb4 Rd4 40. Nc2
R4d6 41. Nb4 a5 42. Nc2 Ng6 0-1

[Event "Kronborg"]
[Site "Elsinore"]
[Date "1997.??.??"]
[Round "4"]
[White "Bekker Jensen, David"]
[Black "Jorgensen, Michael"]
[Result "1/2-1/2"]
[WhiteElo "2140"]
[BlackElo "2275"]
[PlyCount "99"]
[EventDate "1997.??.??"]
[EventType "tourn"]
[EventRounds "7"]
[EventCountry "DEN"]
[Source "ChessBase"]
[SourceDate "2001.11.25"]

1. d4 f5 2. c4 Nf6 3. g3 g6 4. Bg2 Bg7 5. Nh3 d6 6. d5 O-O 7. Nc3 Nbd7 8. O-O
Ne5 9. b3 c5 10. Bb2 a6 11. Qd2 Rb8 12. a4 Bd7 13. a5 b5 14. cxb5 axb5 15. f4
Neg4 16. Ng5 Ra8 17. h3 Nh6 18. b4 cxb4 19. Na2 Qxa5 20. Nxb4 Qb6+ 21. e3 Ra4
22. Bd4 Qa5 23. Rab1 Nf7 24. Ne6 Bxe6 25. dxe6 Nd8 26. Qb2 Kh8 27. Nc6 Nxc6 28.
Bxc6 Ra2 29. Qxb5 Qd2 30. Rb2 Rxb2 31. Qxb2 Qxb2 32. Bxb2 Nh5 33. Bxg7+ Kxg7
34. g4 Ng3 35. Ra1 Rc8 36. Bd7 Rc2 37. g5 Ne2+ 38. Kf1 Nc3 39. Ra8 Nd5 40. Be8
h6 41. h4 Nxe3+ 42. Ke1 hxg5 43. hxg5 Nd5 44. Bf7 Nxf4 45. Re8 Rc7 46. Kd2 Ra7
47. Ke3 Ra4 48. Kf3 Re4 49. Rxe7 d5 50. Ra7 1/2-1/2

[Event "Kronborg"]
[Site "Elsinore"]
[Date "1997.??.??"]
[Round "2"]
[White "Bekker Jensen, David"]
[Black "Nilsson, Nils Specht"]
[Result "1-0"]
[WhiteElo "2140"]
[BlackElo "2225"]
[PlyCount "75"]
[EventDate "1997.??.??"]
[EventType "tourn"]
[EventRounds "7"]
[EventCountry "DEN"]
[Source "ChessBase"]
[SourceDate "2001.11.25"]

1. d4 Nf6 2. c4 e6 3. Nc3 Bb4 4. e3 Ne4 5. Qc2 Nxc3 6. bxc3 Be7 7. Bd3 b6 8.
Bxh7 d5 9. cxd5 exd5 10. Bf5 Nd7 11. Nf3 c6 12. O-O Qc7 13. c4 dxc4 14. Qxc4 g6
15. Bd3 Bd6 16. g3 Nf6 17. e4 Ng4 18. e5 Be6 19. Qc2 Be7 20. Be4 Rc8 21. Bf4
Qd7 22. Rfd1 Bd5 23. h4 Nh6 24. Kg2 Nf5 25. Qd3 Nxh4+ 26. Nxh4 g5 27. Bxg5 Bxg5
28. Bxd5 Bxh4 29. Be4 Bg5 30. Rh1 Ke7 31. Qa3+ c5 32. d5 Bh6 33. Qf3 Bg7 34.
d6+ Kf8 35. Bf5 Qc6 36. Bxc8 Qxc8 37. Rxh8+ Bxh8 38. Re1 1-0

[Event "Kronborg"]
[Site "Elsinore"]
[Date "1997.??.??"]
[Round "6"]
[White "Bekker Jensen, David"]
[Black "Henrichsen, Jens"]
[Result "1-0"]
[WhiteElo "2140"]
[BlackElo "2070"]
[PlyCount "91"]
[EventDate "1997.??.??"]
[EventType "tourn"]
[EventRounds "7"]
[EventCountry "DEN"]
[Source "ChessBase"]
[SourceDate "2001.11.25"]

1. d4 Nf6 2. c4 g6 3. Nf3 Bg7 4. g3 O-O 5. Bg2 d6 6. Nc3 Nbd7 7. O-O e5 8. e4
c6 9. h3 Qb6 10. c5 dxc5 11. dxe5 Ne8 12. e6 fxe6 13. Ng5 Ne5 14. f4 Nf7 15.
Nxf7 Bd4+ 16. Kh2 Rxf7 17. e5 Bd7 18. h4 Ng7 19. Ne4 Nf5 20. h5 Rd8 21. a4 Bc8
22. a5 Qc7 23. hxg6 hxg6 24. Qg4 Kg7 25. Ra3 c4 26. Ng5 Rh8+ 27. Bh3 Re7 28.
Qe2 Bc5 29. Ra1 Bb4 30. Qxc4 Bxa5 31. Kg2 b5 32. Qa2 Bb6 33. Bg4 c5 34. Bf3 c4
35. b3 Nd4 36. Ba3 cxb3 37. Qb2 Ree8 38. Be4 Nc2 39. Rac1 Bb7 40. Qxb3 Bxe4+
41. Nxe4 Rc8 42. Qxe6 Qc6 43. Qe7+ Kg8 44. Kf3 Qa8 45. Qe6+ Kg7 46. Qf6+ 1-0

[Event "Kronborg"]
[Site "Elsinore"]
[Date "1997.??.??"]
[Round "6"]
[White "Bekker Jensen, Simon"]
[Black "Andersen, Ole Bo"]
[Result "1-0"]
[WhiteElo "2230"]
[BlackElo "2090"]
[PlyCount "55"]
[EventDate "1997.??.??"]
[EventType "tourn"]
[EventRounds "7"]
[EventCountry "DEN"]
[Source "ChessBase"]
[SourceDate "2001.11.25"]

1. d4 Nf6 2. c4 c5 3. d5 b5 4. cxb5 a6 5. bxa6 g6 6. Nc3 Bxa6 7. e4 Bxf1 8.
Kxf1 d6 9. Nf3 Bg7 10. g3 Nbd7 11. h3 O-O 12. Kg2 Qa5 13. Re1 Rfb8 14. Re2 Ne8
15. Bf4 Nc7 16. Rc1 Nb5 17. Nxb5 Qxb5 18. b3 Ra3 19. Rcc2 Rba8 20. e5 dxe5 21.
Nxe5 Nxe5 22. Bxe5 Bxe5 23. Rxe5 Rxa2 24. Rxa2 Rxa2 25. Rxe7 Ra6 26. Qf3 f6 27.
Qg4 Qb8 28. Qd7 1-0

[Event "Kronborg"]
[Site "Elsinore"]
[Date "1997.??.??"]
[Round "1"]
[White "Bekker Jensen, Simon"]
[Black "Jorgensen, Michael"]
[Result "1/2-1/2"]
[WhiteElo "2230"]
[BlackElo "2275"]
[PlyCount "124"]
[EventDate "1997.??.??"]
[EventType "tourn"]
[EventRounds "7"]
[EventCountry "DEN"]
[Source "ChessBase"]
[SourceDate "2001.11.25"]

1. d4 f5 2. g3 Nf6 3. Bg2 g6 4. c4 Bg7 5. Nc3 d6 6. d5 O-O 7. Nh3 Nbd7 8. O-O
Ne5 9. b3 c5 10. Bd2 a6 11. Qc2 Rb8 12. a4 b6 13. Rae1 Bd7 14. f4 Nf7 15. e4
fxe4 16. Nxe4 Bf5 17. Nhf2 b5 18. axb5 axb5 19. Bc3 Qd7 20. Nxf6+ Bxf6 21. Qd2
bxc4 22. bxc4 Rb3 23. Bxf6 exf6 24. Ne4 Bxe4 25. Bxe4 Rfb8 26. Bc2 Ra3 27. Re6
Rb2 28. Rxf6 Raa2 29. Rc1 Qa4 30. Bxa4 Rxd2 31. Be8 Rg2+ 32. Kh1 Rxh2+ 33. Kg1
Rhg2+ 34. Kh1 Rh2+ 35. Kg1 Rhg2+ 36. Kh1 Nh6 37. Bd7 Rh2+ 38. Kg1 Rhg2+ 39. Kh1
Kg7 40. Rxd6 Rh2+ 41. Kg1 Rag2+ 42. Kf1 Rxg3 43. Rc6 Ng4 44. Bxg4 Rxg4 45. Re1
Rxf4+ 46. Kg1 Rh5 47. Kg2 Rxc4 48. Re7+ Kh6 49. d6 Rd5 50. Kf3 Rcd4 51. Rcc7
Rf5+ 52. Ke3 Rxd6 53. Rxh7+ Kg5 54. Rc8 Re5+ 55. Kf3 Rf6+ 56. Kg3 Re3+ 57. Kg2
Rf5 58. Rhc7 Rc3 59. Rc6 Rd5 60. Kf2 Rd2+ 61. Ke1 Rd5 62. Rg8 Kf5 1/2-1/2

[Event "Kronborg"]
[Site "Elsinore"]
[Date "1997.??.??"]
[Round "3"]
[White "Bekker Jensen, Simon"]
[Black "Auchenberg, Per"]
[Result "1/2-1/2"]
[WhiteElo "2230"]
[BlackElo "2150"]
[PlyCount "51"]
[EventDate "1997.??.??"]
[EventType "tourn"]
[EventRounds "7"]
[EventCountry "DEN"]
[Source "ChessBase"]
[SourceDate "2001.11.25"]

1. d4 c5 2. d5 e5 3. c4 d6 4. e4 Nf6 5. Nc3 Be7 6. Be2 O-O 7. Be3 Ne8 8. Bg4
Nd7 9. Nf3 g6 10. Bh6 Ng7 11. Qd3 f5 12. Bxg7 Kxg7 13. exf5 e4 14. Qxe4 Nf6 15.
Qf4 Nxg4 16. Qxg4 Bxf5 17. Qg3 h5 18. h4 Bg4 19. O-O-O b5 20. Rde1 bxc4 21. Nd2
Rb8 22. Nxc4 Rb4 23. Ne3 Bd7 24. Re2 Bc8 25. Nc2 Bxh4 26. Qd3 1/2-1/2

[Event "Kronborg"]
[Site "Elsinore"]
[Date "1997.??.??"]
[Round "1"]
[White "Christensen, Tobias"]
[Black "Henrichsen, Jens"]
[Result "1-0"]
[WhiteElo "2395"]
[BlackElo "2070"]
[PlyCount "101"]
[EventDate "1997.??.??"]
[EventType "tourn"]
[EventRounds "7"]
[EventCountry "DEN"]
[Source "ChessBase"]
[SourceDate "2001.11.25"]

1. c4 Nf6 2. Nf3 g6 3. d4 Bg7 4. Nc3 O-O 5. e4 d6 6. Be2 e5 7. O-O Nc6 8. d5
Ne7 9. b4 Nh5 10. Re1 f5 11. Nd2 Nf6 12. Ba3 Bh6 13. Bd3 Ng4 14. Nf3 Kh8 15.
Bb2 f4 16. c5 g5 17. Nb5 a6 18. Na3 Ng6 19. Nc4 Nf6 20. Qd2 g4 21. Nfxe5 Nxe5
22. Nxe5 dxe5 23. Bxe5 Bg7 24. Bxf4 Nh5 25. Bg5 Bf6 26. Bxf6+ Qxf6 27. e5 Qf4
28. Re3 Bf5 29. Bf1 Rae8 30. Rae1 Qg5 31. g3 Ng7 32. Qc3 h5 33. e6 Kh7 34. e7
Rf6 35. Re5 Qg6 36. Qd4 Qf7 37. Bc4 Qg6 38. Rd1 Kh8 39. d6 cxd6 40. cxd6 Bd7
41. Bd3 Qh6 42. Be4 Rc8 43. Bxb7 Rc1 44. Ree1 Rc2 45. Bxa6 Rxa2 46. Bc8 Rfxf2
47. Bxd7 Rg2+ 48. Kf1 Kh7 49. e8=Q Raf2+ 50. Qxf2 Rxf2+ 51. Kxf2 1-0

[Event "Kronborg"]
[Site "Elsinore"]
[Date "1997.??.??"]
[Round "6"]
[White "Christensen, Tobias"]
[Black "Nilsson, Nils Specht"]
[Result "1-0"]
[WhiteElo "2395"]
[BlackElo "2225"]
[PlyCount "29"]
[EventDate "1997.??.??"]
[EventType "tourn"]
[EventRounds "7"]
[EventCountry "DEN"]
[Source "ChessBase"]
[SourceDate "2001.11.25"]

1. e4 d6 2. d4 Nf6 3. Nc3 g6 4. Bg5 h6 5. Bh4 c6 6. f4 Qb6 7. Rb1 Qa5 8. Bd3
Qh5 9. Qxh5 Nxh5 10. Nge2 Nxf4 11. Nxf4 g5 12. Bg3 gxf4 13. Bxf4 Bg7 14. Be3
Bxd4 15. Bxd4 1-0

[Event "Kronborg"]
[Site "Elsinore"]
[Date "1997.??.??"]
[Round "4"]
[White "Christensen, Tobias"]
[Black "Bekker Jensen, Simon"]
[Result "1/2-1/2"]
[WhiteElo "2395"]
[BlackElo "2230"]
[PlyCount "134"]
[EventDate "1997.??.??"]
[EventType "tourn"]
[EventRounds "7"]
[EventCountry "DEN"]
[Source "ChessBase"]
[SourceDate "2001.11.25"]

1. d4 Nf6 2. Bf4 g6 3. Nc3 d5 4. Nf3 Bg7 5. e3 O-O 6. Bd3 b6 7. O-O Bb7 8. Nb5
Na6 9. c3 c6 10. Na3 c5 11. Be5 Nb8 12. Qe2 Nc6 13. Bxf6 Bxf6 14. Rad1 e6 15.
Rfe1 Qe7 16. Nb1 Qc7 17. Nbd2 Bg7 18. Ba6 Rad8 19. Qb5 Bxa6 20. Qxa6 cxd4 21.
exd4 Na5 22. Re2 Rb8 23. Qb5 Rfc8 24. Ne5 Qd6 25. Rde1 Rb7 26. Ndf3 Re7 27. Qa6
Rce8 28. Qb5 f6 29. Nd3 Nc6 30. Qb3 Kh8 31. Rd1 e5 32. dxe5 fxe5 33. Nde1 e4
34. Rxd5 exf3 35. Rxd6 Rxe2 36. gxf3 Rxe1+ 37. Kg2 Ne7 38. Re6 Nf5 39. Rxe8+
Rxe8 40. Qa4 Re7 41. f4 h6 42. Kf3 Kh7 43. Qc4 Rd7 44. Ke2 Bf6 45. Qc6 Rf7 46.
Kd3 Kg7 47. a4 Bd8 48. Qa8 Bh4 49. f3 Bf2 50. Qd8 Bg1 51. h3 Bc5 52. a5 Be7 53.
Qd5 Bd6 54. axb6 axb6 55. Qc6 Bc7 56. Kc4 Ne3+ 57. Kb3 Ng2 58. f5 gxf5 59. Qc4
Nf4 60. Qd4+ Kg8 61. h4 Ng6 62. Qc4 Ne5 63. Qe6 Kg7 64. h5 f4 65. Ka4 Rf6 66.
Qe7+ Rf7 67. Qe6 Rf6 1/2-1/2

[Event "Kronborg"]
[Site "Elsinore"]
[Date "1997.??.??"]
[Round "3"]
[White "Christensen, Tobias"]
[Black "Bekker Jensen, David"]
[Result "1/2-1/2"]
[WhiteElo "2395"]
[BlackElo "2140"]
[PlyCount "20"]
[EventDate "1997.??.??"]
[EventType "tourn"]
[EventRounds "7"]
[EventCountry "DEN"]
[Source "ChessBase"]
[SourceDate "2001.11.25"]

1. Nc3 c5 2. Nf3 Nf6 3. e4 Nc6 4. d3 d6 5. Bg5 g6 6. Bxf6 exf6 7. d4 cxd4 8.
Nxd4 a6 9. Qd2 Bg7 10. Nxc6 bxc6 1/2-1/2

[Event "Kronborg"]
[Site "Elsinore"]
[Date "1997.??.??"]
[Round "2"]
[White "Henrichsen, Jens"]
[Black "Bekker Jensen, Simon"]
[Result "0-1"]
[WhiteElo "2070"]
[BlackElo "2230"]
[PlyCount "70"]
[EventDate "1997.??.??"]
[EventType "tourn"]
[EventRounds "7"]
[EventCountry "DEN"]
[Source "ChessBase"]
[SourceDate "2001.11.25"]

1. d4 Nf6 2. Nf3 g6 3. c4 Bg7 4. Nc3 O-O 5. Bg5 c5 6. e3 cxd4 7. exd4 d5 8.
cxd5 Nxd5 9. Qb3 Nb6 10. Be2 Be6 11. Qc2 Nc6 12. O-O Bf5 13. Qb3 h6 14. Be3 Be6
15. Qc2 Bc4 16. Bxc4 Nxc4 17. Rad1 Rc8 18. Qe2 Nb4 19. Bc1 e6 20. a3 Nd5 21.
Ne4 b6 22. Rfe1 Qc7 23. Nc5 bxc5 24. Qxc4 cxd4 25. Qxc7 Rxc7 26. Re4 Rfc8 27.
Bd2 d3 28. Ne1 Bxb2 29. Nxd3 Bxa3 30. Ra4 Bf8 31. g3 Nb6 32. Ra6 Rd7 33. Ne5
Rd5 34. Nf3 Nc4 35. Kf1 Bb4 0-1

[Event "Kronborg"]
[Site "Elsinore"]
[Date "1997.??.??"]
[Round "7"]
[White "Henrichsen, Jens"]
[Black "Auchenberg, Per"]
[Result "1/2-1/2"]
[WhiteElo "2070"]
[BlackElo "2150"]
[PlyCount "100"]
[EventDate "1997.??.??"]
[EventType "tourn"]
[EventRounds "7"]
[EventCountry "DEN"]
[Source "ChessBase"]
[SourceDate "2001.11.25"]

1. d4 c5 2. d5 e5 3. e4 d6 4. Nc3 Nf6 5. Be2 Be7 6. Nf3 O-O 7. O-O Ne8 8. a4 g6
9. Nd2 Ng7 10. Nc4 f5 11. f3 f4 12. g4 h5 13. h3 Kf7 14. Kg2 Rh8 15. Rh1 Na6
16. Bd2 Nc7 17. Qf1 Bd7 18. b3 Nce8 19. Be1 Bh4 20. Bxh4 Qxh4 21. Qf2 Qe7 22.
Nb2 Nc7 23. Bc4 a6 24. a5 hxg4 25. hxg4 Qg5 26. Be2 Nh5 27. Qh4 Qxh4 28. Rxh4
Ng3 29. Rxh8 Rxh8 30. Bd3 Ne8 31. Nc4 Ke7 32. Nb6 Nf6 33. Nxd7 Kxd7 34. Na4 Kc7
35. Rb1 Nd7 36. b4 cxb4 37. Rxb4 Rh1 38. Nb2 Ra1 39. Na4 Rd1 40. Rc4+ Kd8 41.
Rb4 Ra1 42. Rc4 g5 43. Rb4 Nf8 44. Nb2 Ng6 45. Rxb7 Nh4+ 46. Kf2 Rh1 47. c3
Rh2+ 48. Ke1 Nxf3+ 49. Kd1 Rd2+ 50. Kc1 Nh1 1/2-1/2

[Event "Kronborg"]
[Site "Elsinore"]
[Date "1997.??.??"]
[Round "4"]
[White "Henrichsen, Jens"]
[Black "Nilsson, Nils Specht"]
[Result "0-1"]
[WhiteElo "2070"]
[BlackElo "2225"]
[PlyCount "58"]
[EventDate "1997.??.??"]
[EventType "tourn"]
[EventRounds "7"]
[EventCountry "DEN"]
[Source "ChessBase"]
[SourceDate "2001.11.25"]

1. d4 Nc6 2. c4 e5 3. d5 Bb4+ 4. Nd2 Nce7 5. e4 Nf6 6. Bd3 a5 7. Ngf3 d6 8. O-O
O-O 9. Nb1 Ng6 10. a3 Bc5 11. Nc3 Nh5 12. Rb1 Bg4 13. h3 Bxf3 14. Qxf3 Nhf4 15.
g3 Nxh3+ 16. Kg2 Nhf4+ 17. Bxf4 exf4 18. e5 Nxe5 19. Bxh7+ Kxh7 20. Qh5+ Kg8
21. Rh1 f3+ 22. Kf1 f6 23. Re1 Qe8 24. Qh7+ Kf7 25. Qh5+ Ke7 26. Qxf3 Qg6 27.
Qe2 Rh8 28. Kg2 Rxh1 29. Rxh1 Qd3 0-1

[Event "Kronborg"]
[Site "Elsinore"]
[Date "1997.??.??"]
[Round "2"]
[White "Jorgensen, Michael"]
[Black "Andersen, Ole Bo"]
[Result "1-0"]
[WhiteElo "2275"]
[BlackElo "2090"]
[PlyCount "52"]
[EventDate "1997.??.??"]
[EventType "tourn"]
[EventRounds "7"]
[EventCountry "DEN"]
[Source "ChessBase"]
[SourceDate "2001.11.25"]

1. d4 Nf6 2. c4 g6 3. Nc3 Bg7 4. Nf3 d6 5. e4 O-O 6. h3 c5 7. d5 e6 8. Bd3 exd5
9. cxd5 Re8 10. O-O Na6 11. Re1 Nc7 12. a4 b6 13. Bf4 a6 14. Nd2 Rb8 15. Nc4
Bf8 16. Qf3 b5 17. axb5 axb5 18. Na5 Rb6 19. Bg5 Bg7 20. Nc6 Rxc6 21. dxc6 c4
22. Bf1 Be6 23. Rad1 h6 24. Bf4 Qa8 25. e5 dxe5 26. Bxe5 Nh5 1-0

[Event "Kronborg"]
[Site "Elsinore"]
[Date "1997.??.??"]
[Round "7"]
[White "Jorgensen, Michael"]
[Black "Christensen, Tobias"]
[Result "1/2-1/2"]
[WhiteElo "2275"]
[BlackElo "2395"]
[PlyCount "85"]
[EventDate "1997.??.??"]
[EventType "tourn"]
[EventRounds "7"]
[EventCountry "DEN"]
[Source "ChessBase"]
[SourceDate "2001.11.25"]

1. d4 d5 2. c4 dxc4 3. Nf3 c5 4. d5 Nf6 5. Nc3 e6 6. e4 exd5 7. exd5 Bd6 8.
Bxc4 O-O 9. O-O Bg4 10. Bg5 h6 11. Bh4 Re8 12. h3 Bf5 13. Bb5 Rf8 14. Bd3 Bxd3
15. Qxd3 Nbd7 16. Rfe1 Qb6 17. Nd2 Rfe8 18. Nc4 Qa6 19. Rad1 Rxe1+ 20. Rxe1 Re8
21. Rxe8+ Nxe8 22. Qe3 Nef6 23. Nxd6 Qxd6 24. Bg3 Qb6 25. Qe2 Qb4 26. d6 a6 27.
a3 Qb3 28. a4 Qb4 29. Kh2 Qd4 30. Qe7 Qc4 31. f3 b5 32. axb5 axb5 33. Be5 Nxe5
34. Qxe5 Nd7 35. Qf5 Nf8 36. d7 g6 37. Qf6 Nxd7 38. Qd8+ Nf8 39. Nd5 Qd4 40.
Nf6+ Kg7 41. Ne8+ Kg8 42. Nf6+ Kg7 43. Ne8+ 1/2-1/2

[Event "Kronborg"]
[Site "Elsinore"]
[Date "1997.??.??"]
[Round "5"]
[White "Jorgensen, Michael"]
[Black "Henrichsen, Jens"]
[Result "0-1"]
[WhiteElo "2275"]
[BlackElo "2070"]
[PlyCount "66"]
[EventDate "1997.??.??"]
[EventType "tourn"]
[EventRounds "7"]
[EventCountry "DEN"]
[Source "ChessBase"]
[SourceDate "2001.11.25"]

1. d4 Nf6 2. c4 e6 3. Nf3 d5 4. Nc3 Be7 5. Bg5 h6 6. Bh4 O-O 7. e3 b6 8. Qb3
Bb7 9. Bxf6 Bxf6 10. cxd5 exd5 11. Rd1 Qd6 12. Be2 c5 13. dxc5 Bxc3+ 14. bxc3
Qxc5 15. O-O Nd7 16. Qa4 Qe7 17. Qf4 Rac8 18. Bd3 Rxc3 19. Bb1 Rfc8 20. Nd4 Ba6
21. Rfe1 Qf6 22. Nf5 Kh8 23. h4 R8c4 24. Qg3 Ne5 25. f4 Nc6 26. Qf2 Nb4 27. g4
Nc2 28. Re2 Na3 29. g5 Qe6 30. gxh6 g6 31. Nd4 Rxd4 32. Rxd4 Qg4+ 33. Kh2 Qxe2
0-1

[Event "Kronborg"]
[Site "Elsinore"]
[Date "1997.??.??"]
[Round "7"]
[White "Nilsson, Nils Specht"]
[Black "Bekker Jensen, Simon"]
[Result "1/2-1/2"]
[WhiteElo "2225"]
[BlackElo "2230"]
[PlyCount "60"]
[EventDate "1997.??.??"]
[EventType "tourn"]
[EventRounds "7"]
[EventCountry "DEN"]
[Source "ChessBase"]
[SourceDate "2001.11.25"]

1. e4 c5 2. c3 Nf6 3. e5 Nd5 4. g3 d6 5. exd6 e6 6. Bg2 Bxd6 7. Nf3 Nc6 8. Na3
O-O 9. O-O e5 10. d3 Nb6 11. Nc4 Nxc4 12. dxc4 Be6 13. b3 h6 14. Nh4 Be7 15.
Qh5 Qc8 16. Bxc6 Qxc6 17. Nf5 Bf6 18. Rd1 Qe4 19. Nd6 Qg4 20. Qxg4 Bxg4 21. Rd5
Bf3 22. Nxb7 Bxd5 23. cxd5 e4 24. Bd2 Rfc8 25. Re1 Rc7 26. Nd6 Rd7 27. Nxe4
Rxd5 28. Nxf6+ gxf6 29. Bxh6 c4 30. Re4 Rc8 1/2-1/2